[Event "Tehran Universities-ch (Women)"]
[Site "Tehran"]
[Date "2020.11.30"]
[Round "1"]
[White "Rezaei Mojaz, Mandana"]
[Black "Kiana, Arab"]
[Result "0-1"]
[WhiteElo "1657"]
[BlackElo "1859"]
[PlyCount "114"]
[EventDate "2020.11.30"]
[EventType "swiss (rapid)"]
[EventRounds "7"]
[EventCountry "IRI"]
[SourceTitle "CBM 199 Extra"]
[Source "ChessBase"]
[SourceDate "2021.01.31"]
[SourceVersion "1"]
[SourceVersionDate "2021.01.31"]
[SourceQuality "1"]

1. e4 c6 2. d4 d5 3. Nc3 dxe4 4. Nxe4 Nf6 5. Ng3 g6 6. Nf3 Bg7 7. Be2 Bg4 8. Be3 Nbd7 9. h3 Bxf3 10. Bxf3 0-0 11. Qd2 Nb6 12. Qe2 Nfd5 13. c3 Nxe3 14. Qxe3 Qc7 15. 0-0 a5 16. Rfe1 Rfe8 17. Ne4 Nd5 18. Qd2 Qf4 19. Rad1 Qxd2 20. Rxd2 a4 21. a3 Bh6 22. Rdd1 Nb6 23. Nc5 Ra7 24. Re2 Nc4 25. Rde1 e6 26. d5 cxd5 27. Bxd5 Nd6 28. Bf3 b6 29. Nd3 Nc4 30. Ne5 Nxe5 31. Rxe5 Rd8 32. Rb5 Rd6 33. Rd1 Rxd1+ 34. Bxd1 Ra6 35. Rb4 Bc1 36. Be2 Ra5 37. Rxb6 Re5 38. Kf1 Rd5 39. Rb4 Rd2 40. Rxa4 Rxb2 41. Bf3 Kg7 42. g3 Rb3 43. c4 Rxf3 44. c5 Rxa3 45. Rc4 Bg5 46. c6 Ra8 47. f4 Be7 48. Kf2 Bd6 49. Kf3 Kf6 50. g4 Ke7 51. Kg2 Rc8 52. Kf3 Rc7 53. Kg2 e5 54. Kf3 exf4 55. Kg2 Be5 56. Re4 Kd6 57. Kf3 Rxc6 0-1